Quelle région française ? Click Quiz - Statistiques

Statistiques générales
  • Ce quiz a été pris 149 fois
  • Le résultat moyen est 7 sur 13
Statistiques - réponses
Hint Réponse % Correct
Festival du cinéma le plus prestigieux du monde Provence Alpes Côte d'Azur
90%
Sommet le plus haut d'Europe Auvergne Rhône Alpes
85%
Plus petite superficie Corse
79%
Plus peuplé Île de France
79%
Plus de frontières communes avec d'autre pays Grand Est
70%
Abrite une cité médiévale classée à l'UNESCO Occitanie
61%
Plus grand superficie Nouvelle-Aquitaine
60%
Vin le plus cher de France Bourgogne Franche Comté
58%
Région d'origine de Emmanuel Macron Hauts de France
55%
Plus grande forêt de France (35 000 Ha) Centre Val de Loire
28%
A comme devise : "Fidelis ac firmus ut Lignum" (Fidèle et solide comme le bois) Pays de la Loire
21%
Plus haute cabane dans les arbres d'Europe Normandie
18%
Dernière région totalement libérée lors de la 2nd Guerre Mondiale Bretagne
15%
Aucun quiz correspondant
Distribution des résultats
% des personnes avec chaque résultat
Percentile par nombre de réponses
Votre historique - résultats
Vous n’avez pas pris ce quiz